<?xml version="1.0" encoding="UTF-8"?>
<record
    xmlns:xsi="http://www.w3.org/2001/XMLSchema-instance"
    xsi:schemaLocation="http://www.loc.gov/MARC21/slim http://www.loc.gov/standards/marcxml/schema/MARC21slim.xsd"
    xmlns="http://www.loc.gov/MARC21/slim">

  <leader>00629nam a22001937a 4500</leader>
  <datafield tag="999" ind1=" " ind2=" ">
    <subfield code="c">171031</subfield>
    <subfield code="d">171031</subfield>
  </datafield>
  <controlfield tag="005">20200103110710.0</controlfield>
  <datafield tag="010" ind1=" " ind2=" ">
    <subfield code="a">379819</subfield>
  </datafield>
  <datafield tag="020" ind1=" " ind2=" ">
    <subfield code="c">N.A.</subfield>
    <subfield code="a">-</subfield>
  </datafield>
  <datafield tag="035" ind1=" " ind2=" ">
    <subfield code="a">379819</subfield>
  </datafield>
  <datafield tag="037" ind1=" " ind2=" ">
    <subfield code="b">BPPD</subfield>
  </datafield>
  <datafield tag="082" ind1=" " ind2=" ">
    <subfield code="a">846               </subfield>
  </datafield>
  <datafield tag="100" ind1=" " ind2=" ">
    <subfield code="a">&#x627; &#x628;&#x648; &#x627;&#x6A9;&#x644;&#x627; &#x645; &#x622; &#x632; &#x627; &#x62F; </subfield>
  </datafield>
  <datafield tag="245" ind1=" " ind2=" ">
    <subfield code="a">&#x63A;&#x628;&#x627; &#x631; &#x62E;&#x627; &#x637;&#x631; </subfield>
    <subfield code="c">&#x627; &#x628;&#x648; &#x627;&#x6A9;&#x644;&#x627; &#x645; &#x622; &#x632; &#x627; &#x62F; </subfield>
  </datafield>
  <datafield tag="246" ind1=" " ind2=" ">
    <subfield code="a">Ghubar Khatir  (Urdu)</subfield>
    <subfield code="b">by Abul Kalam Azad </subfield>
  </datafield>
  <datafield tag="260" ind1=" " ind2=" ">
    <subfield code="a">Pakistan </subfield>
    <subfield code="c">- &#x621; </subfield>
    <subfield code="b">Kapoor Art Printing Works                                         </subfield>
  </datafield>
  <datafield tag="270" ind1=" " ind2=" ">
    <subfield code="b">Lahore</subfield>
    <subfield code="k">-</subfield>
    <subfield code="e">-</subfield>
    <subfield code="a">Abet Road ,</subfield>
  </datafield>
  <datafield tag="300" ind1=" " ind2=" ">
    <subfield code="a">308 &#x635;</subfield>
    <subfield code="c">22 cm(hb)</subfield>
  </datafield>
  <datafield tag="942" ind1=" " ind2=" ">
    <subfield code="2">ddc</subfield>
    <subfield code="c">UR</subfield>
    <subfield code="h">846</subfield>
    <subfield code="m">&#x627; &#x628; &#x648; </subfield>
  </datafield>
  <datafield tag="952" ind1=" " ind2=" ">
    <subfield code="0">0</subfield>
    <subfield code="1">0</subfield>
    <subfield code="4">0</subfield>
    <subfield code="7">0</subfield>
    <subfield code="8">NFIC</subfield>
    <subfield code="a">L</subfield>
    <subfield code="b">L</subfield>
    <subfield code="d">2020-01-03</subfield>
    <subfield code="e">BPPD/Ven.</subfield>
    <subfield code="g">0.00</subfield>
    <subfield code="l">0</subfield>
    <subfield code="o">846 &#x627; &#x628; &#x648;</subfield>
    <subfield code="p">379819</subfield>
    <subfield code="r">2020-01-03 00:00:00</subfield>
    <subfield code="t">1</subfield>
    <subfield code="v">0.00</subfield>
    <subfield code="w">2020-01-03</subfield>
    <subfield code="y">UR</subfield>
  </datafield>
</record>
